000 01133cam a2200337 a 4500
999 _c89
_d89
001 (Sirsi) a790857
003 OSt
005 20190725143549.0
008 130610s2003 nyua d 000 1 eng d
020 _a0385730632 (pbk.)
020 _a9780385730631 (pbk.) :
040 _aTAE
_beng
_cTAE
041 0 _aeng
042 _anbic
082 0 _aFIC DIC
100 1 _aDickinson, Peter,
_d1927-
_eauthor
245 1 4 _aThe ropemaker /
_cPeter Dickinson ; illustrations by Ian Andrew.
260 _aNew York :
_bDelacorte Press,
_c[2003]
300 _a375 p. :
_bill. ;
_c21 cm.
505 0 _aAsarta -- Faheel -- Ramdatta.
520 _aWhen the magic that protects their Valley starts to fail, Tilja and her companions journey into the evil Empire to find the ancient magician Faheel, who originally cast those spells.
521 1 _a13-
650 0 _aMagic
_vJuvenile fiction.
650 0 _aGood and evil
_vJuvenile fiction.
650 1 _aMagic
_vFiction.
650 1 _aGood and evil
_vFiction.
650 0 _aFantasy.
655 7 _aFantasy fiction.
_2gsafd.
700 1 _aAndrew, Ian,
_d1962-
_eillustrator
942 _2ddc
_cFIC